[Event "IV Zagreb Open 2019"]
[Site "Zagreb"]
[Date "2019.12.08"]
[Round "3.4"]
[White "Livaic, Leon"]
[Black "Rudolf, Michal"]
[Result "1/2-1/2"]
[WhiteElo "2505"]
[BlackElo "2328"]
[Annotator "TA"]
[PlyCount "258"]
[EventDate "2019.12.07"]
[EventType "swiss"]
[EventCountry "CRO"]
[SourceTitle "playchess.com"]
[Source "ChessBase"]
[SourceQuality "1"]

{[%evp 10,258,25,0,24,25,19,29,32,34,43,35,41,40,40,47,66,30,34,34,34,31,34,35,33,30,103,110,99,110,98,102,104,85,78,75,87,77,68,61,125,91,93,97,100,90,104,86,95,109,107,99,189,182,190,184,185,162,162,151,153,148,158,146,271,267,256,59,205,190,190,34,247,255,200,45,45,54,76,76,74,70,97,87,91,85,80,85,116,112,120,127,120,94,142,72,74,72,72,70,68,29,32,32,32,32,27,21,21,21,28,36,95,8,8,0,35,26,82,0,41,41,41,15,15,15,41,41,41,41,41,41,41,41,41,20,22,22,30,22,41,41,48,48,48,48,48,48,48,48,48,41,41,0,76,75,76,76,76,76,76,76,76,76,76,76,76,76,76,76,76,76,76,0,76,76,77,77,77,77,77,77,77,77,77,77,77,77,83,77,77,77,83,83,83,83,83,77,83,77,77,77,83,77,83,83,83,83,83,83,83,83,83,83,83,83,83,83,83,77,77,77,83,83,83,83,83,83,83,83,83,83,83,83,83,83,83,83,83,83,83,83,83,77,77,77,76,8,8,8,8]} 1. d4 Nf6 2. c4 e6 3. g3 d5 4. Bg2 c6 5. Nf3 Bb4+ 6. Bd2 Bd6 {E01: Catalan: Early deviations} 7. Nc3 O-O 8. Bg5 Nbd7 {White has an edge.} (8... h6 9. Bxf6 Qxf6 10. O-O Qd8 11. c5 Bc7 12. e4 b6 {1-0 (40) Ding,L (2797)-Topalov,V (2747) Wenzhou 2018}) 9. e4 dxe4 {[#]} 10. Nxe4 $1 {[%mdl 512]} Bb4+ (10... Nxe4 11. Bxd8) 11. Nc3 {[%cal Be4c3,Bc3b5,Bb5d6][%mdl 32]} h6 12. Bf4 Qa5 13. Qc2 $146 ({Predecessor:} 13. O-O Bxc3 14. bxc3 Qxc3 15. Qe2 Re8 16. Bd6 c5 17. dxc5 e5 18. Nd2 e4 {½-½ (18) Real de Azua,E (2469)-Slipak,S (2439) Villa Martelli 2016}) 13... c5 14. O-O cxd4 15. Nb5 a6 16. Bc7 Nb6 $1 17. Nfxd4 Bc5 (17... axb5 $11 18. c5 e5 $1 {[%mdl 512]}) 18. Nb3 $1 $16 {[%csl LRa5,LRc5][%cal Rb3a5]} Qa4 19. Nd6 Qd7 20. Bxb6 $1 ({Of course not} 20. Nxc5 Qxc7 21. Nxc8 Qxc5 $11) ({Much worse is} 20. Nxb7 Bxb7 21. Nxc5 Qxc7 $11) 20... Bxb6 21. c5 Bd8 22. Rfd1 Qc7 23. Rac1 Rb8 24. Qc3 b6 ({Black should play} 24... Be7 $14) 25. c6 Nd5 26. Bxd5 Qxd6 27. Bf3 Qc7 28. Nd2 $36 {[%mdl 2048] White is on the roll.} Bg5 29. h4 Bf6 30. Qc2 e5 (30... Be7 $16) 31. Ne4 $18 Be7 32. Nc3 Be6 33. Nd5 Bxd5 34. Bxd5 Rbd8 35. Qf5 Bc5 36. h5 $1 Rd6 (36... Rxd5 $16 37. Rxd5 Qxc6) 37. Be4 {[%csl Ge4][%cal Rf5h7]} g6 38. Qf3 $2 (38. hxg6 $18 {Hoping for Rxd6.} fxg6 39. Bd5+ Kg7 40. Qxe5+ Rff6 41. Rd3) 38... Kg7 (38... Bd4 $14) 39. Rxd6 $1 Qxd6 40. Qd3 $2 (40. b4 $1 $18 {[%cal Rb4c5]} Bd4 41. Rc2 (41. c7 Rc8 $16)) 40... f5 $2 (40... Qxd3 $14 41. Bxd3 Rc8) 41. Qxd6 Bxd6 {[%mdl 4096] Endgame KRB-KRB} 42. Bd3 $2 (42. c7 $18) 42... Bc7 $14 43. Bxa6 Rd8 44. hxg6 Kxg6 45. b4 Rd2 46. Bc4 e4 47. a4 Kg5 48. b5 Kg4 49. Kf1 f4 50. gxf4 Kxf4 51. Be2 Ra2 52. Rd1 (52. Rc4 $142) 52... Rxa4 $16 53. Rd7 Be5 54. Rf7+ Kg5 55. Kg2 {Black must now prevent c7.} Ra2 56. Bc4 Rc2 57. Be6 {And now Rf5+ would win.} Kg6 58. Kf1 Rc5 59. Rb7 Kf6 60. Bh3 Rc2 (60... Kg5 $14) 61. Rxb6 ({White should try} 61. Bg2 $16) 61... Rxf2+ $1 $11 62. Ke1 {White wants to mate with c7+.} Kg5 (62... Bc7 $5 {[%cal Rc7b6]} 63. Kxf2 (63. Rb7 Bg3 $11) 63... Bxb6+ 64. Ke2 Ke5 $11) 63. Rb7 Rb2 (63... Rc2 $11 {keeps the balance.}) 64. c7 (64. b6 $1 $16 {c7 is the strong threat.} e3 65. Bf1 Bg3+ 66. Kd1 Rd2+ 67. Kc1) 64... Bxc7 (64... Bg3+ {is more complex.} 65. Kd1 e3 66. Bf1 Rd2+ 67. Kc1 Bxc7 68. Rxc7 e2) 65. Rxc7 {Threatens to win with Bd7.} Rxb5 {KRB-KR} 66. Bg2 Kf4 67. Rc4 Rb1+ 68. Kf2 Rb2+ 69. Kg1 $1 Rb1+ 70. Kh2 Re1 71. Rc8 Ra1 72. Rf8+ Ke3 73. Re8 Ra4 74. Kg3 Rd4 75. Re5 h5 76. Rxh5 Kd2 77. Bf1 Ke3 78. Ra5 Rd8 79. Ra3+ Rd3 80. Ra2 Rd2 81. Ra1 Kd4 (81... Rd1 $11 82. Rxd1) 82. Re1 $16 e3 83. Be2 $1 Ke4 84. Bh5 Rf2 85. Bg6+ Kd4 86. Ra1 Rf6 87. Rd1+ Ke5 88. Bh5 Ke4 89. Rd8 Ke5 90. Bg4 Ke4 91. Bh5 Ke5 92. Be2 Rf2 93. Bf3 Rd2 94. Re8+ Kd4 95. Kf4 Rd3 96. Be2 {Threatening mate with Rd8+.} Rc3 97. Rd8+ $1 Kc5 98. Ke4 Kb4 99. Bd3 e2 100. Bxe2 Rc2 101. Bd3 Rb2 102. Kd4 Kb3 103. Kc5 Kc3 104. Bc4 Rd2 105. Rh8 Rb2 106. Ra8 Kc2 107. Bd5 Kc3 108. Ra3+ $1 Kd2 109. Kd4 Rb4+ 110. Bc4 {aiming for Ra2+.} Rb2 111. Bb3 Kc1 112. Ke3 Rb1 113. Bd5 Kb2 114. Ra7 Rd1 115. Be4 Kc3 116. Rc7+ Kb4 {[#]} 117. Bd3 $1 Rh1 118. Kd4 Rh4+ 119. Be4 Rh5 120. Rg7 (120. Rc8 {keeps more tension.} Rb5 121. Rh8 Rb6 122. Rh7 Rd6+ 123. Bd5) 120... Rb5 121. Rg1 Rb6 122. Bd5 Kb5 123. Rc1 Kb4 124. Bc6 Ka5 125. Be8 (125. Ra1+ {is interesting.} Kb4 126. Bd5 Kb5 127. Rf1 Kb4 128. Rb1+) 125... Kb4 126. Rc4+ Kb3 127. Ba4+ Ka3 {[#]} 128. Bc2 (128. Kc5 $1 $16 {[%cal Rc5b6]} Re6 129. Rd4) 128... Rb4 $11 129. Rxb4 Kxb4 {Accuracy: White = 70%, Black = 61%.} 1/2-1/2

[Event "IV Zagreb Open 2019"]
[Site "Zagreb"]
[Date "2019.12.08"]
[Round "3.5"]
[White "Enchev, Ivajlo"]
[Black "Sokac, Marko"]
[Result "1-0"]
[WhiteElo "2482"]
[BlackElo "2316"]
[Annotator "TA"]
[PlyCount "63"]
[EventDate "2019.12.07"]
[EventType "swiss"]
[EventCountry "CRO"]
[SourceTitle "playchess.com"]
[Source "ChessBase"]
[SourceQuality "1"]

{[%evp 14,62,38,35,43,33,23,0,11,4,29,25,32,18,12,15,23,11,39,43,61,47,132,124,138,138,225,220,364,358,524,522,591,578,524,318,473,450,462,451,457,464,967,973,1319,1212,29984,29985,29982,29975,29999]} 1. d4 Nf6 2. c4 e6 3. Nc3 Bb4 4. Qc2 Nc6 5. Nf3 d6 6. a3 Bxc3+ 7. Qxc3 O-O 8. b4 Re8 {E33: Nimzo-Indian: Classical: 4...Nc6} 9. Bb2 e5 10. d5 (10. e3 Bg4 11. d5 Nb8 12. Nd2 c6 13. e4 a5 14. Bd3 Nbd7 15. O-O c5 16. Nb3 b6 {0-1 (50) Ding,L (2702)-Fressinet,L (2700) Beijing 2012}) 10... Ne7 {The position is equal.} 11. Nd2 $146 ({Predecessor:} 11. e3 a5 12. Nd2 axb4 13. axb4 Rxa1+ 14. Bxa1 c6 15. dxc6 Nxc6 16. b5 Nd4 17. Bd3 Ne6 18. O-O Nc5 19. Bc2 b6 20. e4 Bb7 21. f3 Nh5 {½-½ (21) Kuzmin,A (2568)-Satyapragyan,S (2354) Kolkata 2002}) 11... Bf5 12. f3 c6 13. e4 Bd7 14. dxc6 Nxc6 15. Qe3 Nh5 16. g3 Qf6 17. Bg2 b5 (17... a5 $14) 18. O-O $16 (18. cxb5 $6 Nd4 $11) 18... Rac8 19. Rac1 bxc4 (19... a6 $16 {is a better defense.} 20. cxb5 axb5) 20. Nxc4 $18 (20. Rxc4 $6 g6 $16) 20... d5 (20... Nd4 $142) 21. exd5 Nd4 (21... Ne7 $142 22. Nxe5 Nxd5 23. Qxa7 (23. Nxd7 Qxb2 24. Rxc8 Qxg2+ 25. Kxg2 Nxe3+ 26. Kf2 Rxc8 $16) 23... Bb5 24. Rxc8 Rxc8) 22. f4 Qa6 23. fxe5 Nf5 24. Qf3 Nhxg3 (24... Rxc4 $142 25. Rxc4 (25. Qxh5 Qb6+ 26. Kh1 Rxc1 $18) 25... Qxc4 26. Qxh5 Qb3) 25. hxg3 Rxc4 26. Rxc4 Qxc4 27. Bh3 g6 (27... a6 $142 28. Bxf5 Bxf5 29. Qxf5 Qxd5) 28. g4 ({Not} 28. Bxf5 Bxf5 29. Qc3 Qxc3 $16) 28... Nh6 {[#]} 29. e6 $1 {[%mdl 512]} fxe6 {[#]} 30. Qf6 $1 {[%csl Gb2][%cal Rf6h8][%mdl 512] White mates.} e5 31. Bxe5 {[%mdl 64] Overworked Piece} Rxe5 32. Qf8# {Accuracy: White = 87%, Black = 23%.} 1-0

[Event "IV Zagreb Open 2019"]
[Site "Zagreb"]
[Date "2019.12.08"]
[Round "3.6"]
[White "Ongut, Tamas Gunes"]
[Black "Strikovic, Aleksa"]
[Result "0-1"]
[WhiteElo "2288"]
[BlackElo "2468"]
[Annotator "TA"]
[PlyCount "120"]
[EventDate "2019.12.07"]
[EventType "swiss"]
[EventCountry "CRO"]
[SourceTitle "playchess.com"]
[Source "ChessBase"]
[SourceQuality "1"]

{[%evp 9,120,0,53,52,46,36,80,-5,63,60,75,67,63,58,64,27,27,30,18,20,20,19,14,18,14,14,22,13,12,0,0,0,0,0,0,0,0,0,0,0,0,0,0,0,0,-4,0,0,0,0,0,0,0,0,7,0,0,0,0,0,0,-8,0,-102,-105,-168,-144,-366,-366,-366,-366,-358,-358,-350,-325,-523,-466,-456,-456,-402,-374,-449,-413,-1667,-1523,-830,-2242,-29955,-29937,-29973,-29975,-29975,-29976,-29979,-29980,-29979,-29980,-29982,-29983,-29983,-29984,-29984,-29985,-29985,-29986,-29984,-29985,-29985,-29986,-29986,-29987,-29987,-29988]} 1. e4 d6 2. d4 Nf6 3. Nc3 e5 4. Nf3 Nbd7 5. Rg1 (5. Bc4 Be7 6. a4 O-O 7. O-O c6 8. Re1 a5 9. h3 Nb6 10. Ba2 Nfd7 11. Be3 exd4 12. Bxd4 Nc5 13. Bxc5 dxc5 14. Qe2 Qd6 15. Rad1 Qg6 16. Ne5 Qg5 17. Nf3 Qg6 18. Ne5 Qg5 19. Nf3 Qg6 20. Ne5 Qg5 {½-½ (20) Fressinet,L (2650)-Ponomariov,R (2663) Germany 2019}) 5... exd4 (5... c6 $11) 6. Nxd4 $14 {C41: Philidor Defence} Nc5 7. Qe2 Qe7 $146 {[%cal Rc5e4]} ({Predecessor:} 7... c6 8. g4 Qb6 9. g5 Nfd7 10. Nb3 a5 11. Nd2 Qc7 12. a4 g6 {1-0 (54) Iljiushenok,I (2533)-Sokolov,A (2532) St Petersburg 2018}) 8. Bg5 (8. g4 $16) 8... c6 (8... Ncxe4 $11 9. Nd5 Qe5 {[%mdl 64] Double Attack} 10. Nxc7+ Kd8 11. Bxf6+ (11. Nxa8 Qxg5 12. f3 Qa5+ 13. Kd1 Qe5 $11) 11... gxf6 12. Nxa8 Qxd4) 9. f3 Ne6 10. Be3 Nxd4 11. Bxd4 g6 12. e5 dxe5 13. Qxe5 Qxe5+ 14. Bxe5 Bg7 15. Ne4 Nh5 $1 16. Bxg7 Nxg7 17. O-O-O Ke7 18. Bc4 Be6 19. Nd6 (19. Bd3 {is more complex.} Kd7 20. b3 Kc7 21. Rge1 Rad8 22. Kb2) 19... b6 20. Bxe6 Nxe6 21. Nc4 Rhd8 22. Ne5 Rac8 23. Rxd8 Nxd8 $11 {[%mdl 4096] Endgame KRN-KRN} 24. c3 f6 25. Nd3 Ne6 26. Re1 Kf7 27. Kc2 c5 28. Nf2 c4 29. Rd1 Ke7 30. Ng4 Rc5 31. Ne3 Nc7 32. Rd4 b5 33. a4 a6 34. axb5 axb5 35. f4 Rh5 36. h3 (36. Re4+ $11 Kd6 37. Nf1) 36... Ne6 $17 37. Re4 (37. Rd5 $17) 37... Kd6 $19 38. f5 $2 {[#]} (38. Kd2 $17) 38... gxf5 39. Rh4 Rxh4 40. Nxf5+ Ke5 41. Nxh4 {KN-KN} Kf4 42. b3 $2 {[#]} (42. Kd2 Kg3 43. Nf3) 42... Kg3 43. Nf5+ Kxg2 44. bxc4 bxc4 45. Ne3+ Kxh3 46. Nxc4 (46. Kd2 $142 Kg3 47. Nxc4) 46... f5 47. Kd2 f4 48. Ke2 Kg2 {Black mates.} 49. Nd2 Ng5 50. c4 f3+ 51. Ke3 f2 52. c5 Ne6 53. c6 h5 54. Ke4 h4 55. Ke5 Nc7 56. Kd6 Na6 57. Nc4 f1=Q 58. Ne3+ Kf2 59. Nxf1 Kxf1 60. c7 Nxc7 $1 {Accuracy: White = 54%, Black = 90%.} 0-1

[Event "IV Zagreb Open 2019"]
[Site "Zagreb"]
[Date "2019.12.08"]
[Round "3.7"]
[White "Kovacevic, Blazimir"]
[Black "Sai Agni Jeevitesh, J."]
[Result "1/2-1/2"]
[WhiteElo "2453"]
[BlackElo "2301"]
[Annotator "TA"]
[PlyCount "89"]
[EventDate "2019.12.07"]
[EventType "swiss"]
[EventCountry "CRO"]
[SourceTitle "playchess.com"]
[Source "ChessBase"]
[SourceQuality "1"]

{[%evp 18,89,27,27,36,33,43,43,66,66,65,50,65,66,66,28,33,33,69,62,67,58,65,49,49,49,56,49,55,19,20,25,63,45,64,66,70,25,37,29,44,25,25,26,106,27,27,27,27,27,33,6,6,6,6,0,6,0,0,0,6,6,6,0,0,0,0,0,0,0,0,0,0,0]} 1. Nf3 Nf6 2. g3 d5 3. Bg2 e6 4. O-O Be7 5. d4 O-O 6. c4 c6 7. b3 b6 8. Nc3 Bb7 9. Bb2 Nbd7 10. e3 Bd6 {E07: Closed Catalan: Main Line (5 Nf3 0-0 6 0-0 Nbd7)} (10... Rc8 11. Rc1 Rc7 12. Qe2 Qa8 13. Ne5 Bb4 14. Nd3 Bxc3 15. Bxc3 dxc4 16. bxc4 c5 17. Bxb7 Qxb7 18. dxc5 {½-½ (53) Laurusas,T (2501)-Krivonosov,O (2403) Klaipeda 2019}) 11. Qe2 Qe7 $146 ({Predecessor:} 11... Re8 12. Rfd1 Qe7 13. Rac1 Rac8 14. Rd2 h6 15. Qd1 Ba6 16. Bf1 Bb7 17. Ne2 Ne4 18. Rdc2 {1-0 (42) Pagac,K (2055)-Mancal,M (2010) Slovakia 1997}) 12. e4 Ba3 {White is slightly better.} 13. Bxa3 Qxa3 14. Ne5 Nxe5 15. dxe5 Nxe4 16. Nxe4 dxe4 17. Bxe4 Rfd8 18. Rfd1 Qe7 19. Qf3 Qc7 20. Qf4 c5 21. Rd6 Rxd6 22. exd6 Qd7 $1 23. Bxb7 (23. Rd1 {feels hotter.} Rd8 24. Qf3 Bxe4 25. Qxe4 f6 26. Kg2) 23... Qxb7 $14 {[%mdl 4096] Endgame KQR-KQR} 24. Rd1 {White wants to play d7.} Qd7 25. h4 (25. Qe4 {is more complex.} Re8 26. h4 e5 27. h5 Re6 28. Kg2) 25... Re8 26. h5 e5 27. Qf3 e4 28. Qf4 {Strongly threatening h6.} h6 29. Kg2 Kf8 30. Rd5 Re6 {[#]} (30... f6 $11) 31. Qg4 (31. a3 $1 $16) 31... f6 $11 32. Qf4 Ke8 33. Kf1 Kd8 34. a4 a5 {The position is equal.} 35. Ke2 Kc8 36. Ke3 Re8 37. Ke2 Kb7 38. Ke3 Kc8 39. g4 Kb7 40. Qf5 Kc6 41. Qxd7+ Kxd7 42. Kf4 Re6 43. Ke3 Re8 44. Kf4 Re6 45. Ke3 {Accuracy: White = 53%, Black = 67%.} 1/2-1/2

[Event "IV Zagreb Open 2019"]
[Site "Zagreb"]
[Date "2019.12.08"]
[Round "3.8"]
[White "Peng, Hongchi"]
[Black "Plenca, Jadranko"]
[Result "0-1"]
[WhiteElo "2271"]
[BlackElo "2453"]
[Annotator "TA"]
[PlyCount "78"]
[EventDate "2019.12.07"]
[EventType "swiss"]
[EventCountry "CRO"]
[SourceTitle "playchess.com"]
[Source "ChessBase"]
[SourceQuality "1"]

{[%evp 18,78,0,0,19,16,29,12,2,0,0,0,0,0,0,0,0,0,0,-79,10,0,21,20,125,-241,-271,-243,-257,-504,-494,-496,-474,-471,-496,-1072,-1014,-1118,-1083,-1026,-986,-897,-654,-877,-871,-931,-906,-1050,-991,-5807,-5519,-29989,-29990,-29990,-29989,-29991,-29990,-29990,-29991,-29991,-29991,-29994,-29992]} 1. e4 e5 2. Nf3 Nc6 3. Bc4 Bc5 4. c3 Nf6 5. d4 exd4 6. e5 d5 7. Bb5 Ne4 8. cxd4 Bb6 9. O-O O-O 10. h3 Ne7 {C54: Giuoco Piano: 4 c3 Nf6, main lines with 5 d4 and 5 d3} (10... f6 11. Bxc6 bxc6 12. Be3 f5 13. Qc1 f4 14. Bxf4 c5 15. dxc5 Nxc5 16. Be3 Nd3 17. Qd1 Ba6 18. Nc3 {1-0 (58) Jobava,B (2707)-Kramnik,V (2808) Leuven 2017}) 11. Nc3 f5 12. Na4 c6 $146 {The position is equal.} ({Predecessor:} 12... Ng6 13. Bd3 Bd7 14. Nxb6 axb6 15. Kh2 h6 16. Qe2 Rf7 17. Ne1 Nf8 18. g3 {0-1 (41) Bromann,T (2411)-Hagen,A (2445) Ballerup 2012}) 13. Nxb6 axb6 14. Bd3 Ng6 15. Bd2 f4 16. Bb4 Rf7 17. Re1 Bf5 18. Rc1 (18. Qb3 $11 {keeps the balance.}) 18... Rc8 (18... Nh4 $1 $17) 19. Bb1 c5 20. Ba3 Rd7 {[#]} (20... Nh4 $11 {remains equal.}) 21. Nd2 $2 {[%mdl 8192] [#]} (21. dxc5 $1 $16 {and life is bright. Threatens to win with Nd4.} Nh4 22. Nxh4 Qxh4 23. Qe2) 21... Nh4 $1 $19 {...Qg5! is the strong threat.} 22. Nxe4 dxe4 23. Qb3+ $2 (23. Bxe4 Qg5 24. Qb3+ Kh8 25. g4 fxg3 {[%mdl 64] Discovered Attack} 26. f4 Qxf4 27. Qe3) 23... Kh8 {And now ...Qg5! would win.} 24. Kh1 Rxd4 25. Rg1 Qd7 26. Qxb6 {[#]} (26. Rcd1 $142 e3 27. fxe3 fxe3 28. Bc2) 26... Bxh3 $1 {[%mdl 512]} 27. e6 (27. gxh3 Qxh3#) 27... Bxe6 28. Rxc5 Rxc5 29. Qxc5 f3 30. g4 Ng6 {[%cal Bh4g6,Bg6f4,Bf4h3,Bh3f2][%mdl 32]} 31. Qh5 Nf4 32. Qe5 Nh3 {Hoping for ...Rd1.} 33. Rf1 Rd1 34. Qb8+ Bg8 {Black mates.} 35. Rxd1 Qxd1+ {[%mdl 64] Double Attack} 36. Kh2 Nxf2 37. Bf8 Nxg4+ 38. Kg3 Qg1+ 39. Kh4 Nh6 {Accuracy: White = 22%, Black = 64%.} 0-1

[Event "IV Zagreb Open 2019"]
[Site "Zagreb"]
[Date "2019.12.08"]
[Round "3.9"]
[White "Dinev, Dejan"]
[Black "Smith, Bryan"]
[Result "0-1"]
[WhiteElo "2223"]
[BlackElo "2428"]
[Annotator "TA"]
[PlyCount "76"]
[EventDate "2019.12.07"]
[EventType "swiss"]
[EventCountry "CRO"]
[SourceTitle "playchess.com"]
[Source "ChessBase"]
[SourceQuality "1"]

{[%evp 10,76,31,12,31,11,23,0,7,-25,-22,-25,-8,-36,-31,-34,-13,-13,-16,-16,-10,-11,-25,-22,-19,-5,-18,-5,-20,-119,-123,-169,-166,-169,-162,-168,-167,-149,-141,-201,-204,-195,-80,-292,-239,-377,-222,-216,-207,-211,-194,-201,-195,-373,-358,-332,-318,-344,-349,-1062,-1059,-981,-947,-29990,-29991,-29991,-29992,-29995,-29996]} 1. d4 Nf6 2. Nf3 g6 3. g3 Bg7 4. Bg2 O-O 5. O-O d6 6. b3 b5 {A49: 1 d4 Nf6 2 Nf3 g6 3 g3: Anti-King's Indian systems} 7. Nfd2 (7. Bb2 Bb7 8. Nbd2 Nbd7 9. c4 bxc4 10. Nxc4 a5 11. Rc1 c5 12. dxc5 Nxc5 13. Bd4 Ncd7 14. a4 Ra6 15. Na3 Qa8 16. Nb5 Rc6 17. Rxc6 Bxc6 {0-1 (58) Meier,G (2628)-Carlsen,M (2845) Karlsruhe/Baden Baden 2019}) 7... c6 8. a4 $146 ({Predecessor:} 8. c4 a6 9. Bb2 Bb7 10. Nc3 Qb6 11. Qc2 Nbd7 12. Rfd1 Rfe8 13. a4 b4 14. Nce4 {½-½ (60) Galopoulos,N (2361)-Theodorou,N (2543) Patras 2019}) 8... b4 {The position is equal.} 9. a5 Bb7 10. Bb2 Na6 11. Nc4 Rb8 12. Nbd2 c5 13. e4 d5 14. exd5 Nxd5 {Black wants to play ...Nc3.} 15. Ne4 Qc7 16. dxc5 Bxb2 17. Nxb2 Nxc5 18. Nxc5 Qxc5 19. Nc4 (19. a6 $11 {keeps the balance.} Nc3 20. Na4) 19... Nc3 $17 20. Qe1 {[#]} Ba6 $1 21. Qe5 Qxe5 22. Nxe5 Bxf1 23. Kxf1 Rbc8 24. Bb7 (24. Re1 $17 {was necessary.}) 24... Rc7 $19 25. a6 {[#]} Rd8 (25... Nb5 $1 $19 {has better winning chances.} 26. Nc6 Nd6 27. Nxb4 Nxb7 28. axb7 Rxb7) 26. Ke1 $2 (26. Nc6 $17 Rxc6 27. Bxc6) 26... Rd6 {And now ...Re6 would win.} 27. f4 (27. Nc4 $142 Re6+ 28. Kf1) 27... Rc5 (27... Nb5 $142 28. Nc4 Re6+ 29. Kf2 Nd4) 28. Nd3 Rh5 29. h4 Re6+ 30. Kf1 Re3 31. Nxb4 $2 (31. Re1 Rxg3 32. Kf2 Rxd3 33. cxd3) 31... Rxg3 32. Kf2 Rh3 33. Nc6 R5xh4 34. Nxa7 $2 (34. Re1) 34... Rxf4+ 35. Kg2 Rh5 {( -> ...Rg5+)} 36. Re1 Rg5+ {Black mates.} 37. Kh3 f5 38. Re3 {[#]} Ne2 $1 {[%mdl 512] Accuracy: White = 30%, Black = 73%.} 0-1

[Event "IV Zagreb Open 2019"]
[Site "Zagreb"]
[Date "2019.12.08"]
[Round "3.10"]
[White "Kukurin, Luka"]
[Black "Nguyen, Piotr"]
[Result "1/2-1/2"]
[WhiteElo "2042"]
[BlackElo "2413"]
[Annotator "TA"]
[PlyCount "30"]
[EventDate "2019.12.07"]
[EventType "swiss"]
[EventCountry "CRO"]
[SourceTitle "playchess.com"]
[Source "ChessBase"]
[SourceQuality "1"]

{[%evp 18,30,22,20,19,-57,-37,-34,52,52,51,54,48,42,50]} 1. e4 g6 2. d4 Bg7 3. Nc3 d6 4. Be2 Nf6 5. Nf3 O-O 6. O-O c6 7. Re1 Qc7 8. Bf4 Nbd7 9. e5 Nh5 10. Bg5 dxe5 {B08: Pirc Defence: Classical System} 11. Nxe5 (11. Bxe7 $11 Re8 12. d5) (11. Bxe7 Re8 12. d5 Bf6 13. Ba3 Nf4 14. d6 Nxe2+ 15. Qxe2 Qd8 16. Rad1 Bg7 17. h4 a5 18. Ne4 {1-0 (39) Iordachescu,V (2644)-Shanava,K (2586) Nakhchivan 2012}) 11... Nxe5 $15 12. Bxh5 gxh5 $146 ({Black should try} 12... Rd8 $15 13. Bf4 {[%mdl 64] Pin} f6) ({Predecessor:} 12... Rd8 13. Bf4 f6 14. Be2 Bf5 15. Be3 Kh8 16. Qc1 Nf7 17. Bc4 e5 18. dxe5 Nxe5 {0-1 (47) Blomqvist,E (2322)-Kopylov,A (2421) Herceg Novi 2008}) 13. dxe5 $14 {White is slightly better.} Bg4 14. Qd4 Rad8 15. Qf4 f6 1/2-1/2

[Event "IV Zagreb Open 2019"]
[Site "Zagreb"]
[Date "2019.12.08"]
[Round "3.11"]
[White "Ivekovic, Bozidar"]
[Black "Jurkovic, Ante"]
[Result "1-0"]
[WhiteElo "2406"]
[BlackElo "2274"]
[Annotator "TA"]
[PlyCount "131"]
[EventDate "2019.12.07"]
[EventType "swiss"]
[EventCountry "CRO"]
[SourceTitle "playchess.com"]
[Source "ChessBase"]
[SourceQuality "1"]

{[%evp 10,131,54,53,54,37,56,49,41,46,49,36,47,33,43,13,27,14,49,49,50,47,43,51,54,45,56,48,97,89,97,93,91,87,112,110,102,94,85,0,75,9,26,38,22,40,72,0,0,0,0,0,0,0,0,-10,-7,-7,0,0,8,6,26,0,0,0,8,4,38,31,29,2,5,5,5,0,0,0,0,0,0,0,0,0,8,8,8,8,8,8,8,8,39,39,39,39,39,39,39,39,39,8,8,8,8,8,8,8,8,8,10,10,10,8,8,8,72,17,951,885,1036,847,29981,29982]} 1. Nf3 d6 2. d4 Nf6 3. c4 Bg4 4. Nc3 Nbd7 5. e4 e5 6. Be2 g6 {A53: Old Indian Defence without Nf3} (6... Be7 7. O-O c6 8. Be3 O-O 9. Ne1 Bxe2 10. Qxe2 exd4 11. Bxd4 Re8 12. Qc2 Bf8 13. Rd1 Qc7 14. f3 a6 15. Bf2 Rac8 16. Qd2 b5 17. cxb5 axb5 18. Nc2 {½-½ (49) Jakovenko,D (2721)-Pridorozhni,A (2517) Khanty-Mansiysk 2013}) 7. O-O exd4 8. Nxd4 Bxe2 {White is slightly better.} 9. Qxe2 Bg7 10. Bg5 $146 ({Predecessor:} 10. Be3 O-O 11. Rad1 Re8 12. f3 c6 13. Nc2 Qc7 14. Qd2 {½-½ (21) Doettling,F (2542)-Vogt,L (2479) Germany 2007}) 10... O-O 11. Rad1 c6 12. Nf3 Qe7 13. Qd2 Ne5 14. Nxe5 dxe5 15. Qd6 Qxd6 16. Rxd6 Nh5 17. Rd7 $36 {[%mdl 2048] White has good play.} Rfb8 18. Rfd1 Nf4 {[#]} 19. Be7 $1 b5 20. cxb5 cxb5 21. Nd5 {And now Nc7 would win.} Rc8 22. Nc7 Rab8 23. Na6 Ra8 24. Rb7 (24. g3 $16 Ne6 25. R1d5) 24... Rc4 (24... Rc2 $1 $11 {remains equal.}) 25. Rxb5 (25. Nc7 $16 Rc8 26. Nxb5) 25... Rxe4 26. g3 Ne6 27. b4 Rd4 28. Rb1 (28. Rxd4 $16 exd4 29. Rd5) 28... Rd7 29. Bc5 $1 Nd4 30. Ra5 Rc8 31. Kg2 f5 32. b5 Ne6 33. b6 axb6 34. Bxb6 Rc2 35. Nb4 Rcd2 36. Ra8+ Kf7 37. a4 e4 38. Be3 Rd1 39. Rxd1 Rxd1 40. Ra7+ Ke8 $1 41. Nc6 Rd6 42. Nb4 Bd4 43. Bxd4 Rxd4 $11 {[%mdl 4096] Endgame KRN-KRN} 44. Nc6 Rd6 45. Ne5 Rd5 46. Nc4 Rd7 (46... f4 {is interesting.} 47. gxf4 Nxf4+ 48. Kg3 Ne2+ 49. Kh3 h5) 47. Rxd7 Kxd7 {KN-KN} 48. f3 Kc6 49. fxe4 fxe4 50. Kf2 Kc5 51. Nd2 Kd4 {aiming for ...e3+.} 52. Ke2 Nc5 53. a5 {Threatens to win with Nb3+!} Na6 54. Nf1 Nc7 55. Ne3 Kc5 56. Ng4 {next Nf6 is good for White.} Nd5 $1 57. Nf2 Kb5 $1 58. Nxe4 Kxa5 59. Kd3 {White wants to play Kd4.} Kb6 60. Kd4 Kc6 61. Ke5 Ne3 62. h3 Kd7 (62... Nf5 $11) 63. Kf6 (63. Nf6+ $16 Ke7 64. Nxh7) 63... Nd5+ $2 {[%mdl 8192] [#]} (63... Kc6 $11) 64. Kf7 $1 $18 Kd8 65. Nf6 h5 66. Nxd5 {Accuracy: White = 66%, Black = 60%.} 1-0